dont smile at me - billie eilish - Statistics

General Stats
  • This quiz has been taken 78 times
  • The average score is 9 of 9
Answer Stats
Hint Answer % Correct
4 watch
100%
1 COPYCAT
98%
2 idontwannabeyouanymore
97%
9 &burn
95%
8 hostage
95%
7 ocean eyes
95%
3 my boy
94%
5 party favor
94%
6 bellyache
92%
No matching quizzes found
Score Distribution
Percent of People with Each Score
Percentile by Number Answered
Your Score History
You have not taken this quiz